|
|
|
|
| LEADER |
00000nam0a2200000 4500 |
| 001 |
297157 |
| 005 |
20231102000959.0 |
| 020 |
|
|
|a RU
|b 84-60720
|
| 035 |
|
|
|a (RuTPU)RU\TPU\book\322277
|
| 090 |
|
|
|a 297157
|
| 100 |
|
|
|a 20150605d1984 km y0rusy5003 ca
|
| 101 |
0 |
|
|a rus
|
| 102 |
|
|
|a RU
|
| 105 |
|
|
|a a z 001zy
|
| 200 |
1 |
|
|a Зарубежный опыт закладки на рудниках
|f В. И. Хомяков
|
| 210 |
|
|
|a Москва
|c Недра
|d 1984
|
| 215 |
|
|
|a 224 с.
|c ил.
|
| 320 |
|
|
|a Библиогр.: с. 220-221
|
| 606 |
1 |
|
|a Горные выработки
|x Закладка выработанного пространства
|x Твердеющая
|2 stltpush
|3 (RuTPU)RU\TPU\subj\7761
|9 35312
|
| 610 |
1 |
|
|a иностранный опыт
|
| 610 |
1 |
|
|a рудники
|
| 610 |
1 |
|
|a закладочные устройства
|
| 610 |
1 |
|
|a проектирование
|
| 610 |
1 |
|
|a эксплуатация
|
| 610 |
1 |
|
|a закладочные материалы
|
| 610 |
1 |
|
|a физико-механические свойства
|
| 610 |
1 |
|
|a целики
|
| 610 |
1 |
|
|a расчеты
|
| 610 |
1 |
|
|a состав
|
| 610 |
1 |
|
|a рациональные параметры
|
| 675 |
|
|
|a 622.273
|z rus
|v 3
|
| 700 |
|
1 |
|a Хомяков
|b В. И.
|g Владимир Иванович
|4 070
|
| 801 |
|
0 |
|a RU
|b RuMRKP
|c 19950704
|g psbo
|
| 801 |
|
1 |
|a RU
|b 63413507
|c 20150605
|
| 801 |
|
2 |
|a RU
|b 63413507
|c 20180529
|g RCR
|
| 942 |
|
|
|c BK
|